George Washington : a biographical companion /

Bibliographic Details
Main Author: Grizzard, Frank E.
Format: Book
Language:English
Published: Santa Barbara, Calif. : ABC-CLIO, [2002]
Series:ABC-CLIO biographical companion.
Subjects:

MARC

Tag First Indicator Second Indicator Subfields
LEADER 00000cam a2200000 a 4500
001 in00001702613
005 20151024163405.0
008 011106s2002 cauab be 001 0beng
010 |a  2001006957 
015 |a GBA1-U5725 
020 |a 1576070824 (alk. paper) 
035 |a (OCoLC)ocm48428902 
040 |a DLC  |c DLC  |d IG#  |d UKM  |d TXA  |d UtOrBLW 
043 |a n-us--- 
049 |a TXAM 
050 0 0 |a E312  |b .G88 2002 
082 0 0 |a 973.4/1/092  |2 21 
100 1 |a Grizzard, Frank E. 
245 1 0 |a George Washington :  |b a biographical companion /  |c Frank E. Grizzard, Jr. 
264 1 |a Santa Barbara, Calif. :  |b ABC-CLIO,  |c [2002] 
264 4 |c ©2002 
300 |a xix, 437 pages :  |b illustrations, map ;  |c 26 cm. 
336 |a text  |b txt  |2 rdacontent 
337 |a unmediated  |b n  |2 rdamedia 
338 |a volume  |b nc  |2 rdacarrier 
490 1 |a ABC-CLIO biographical companion 
504 |a Includes bibliographical references (pages 413-418) and index. 
505 0 |a Introduction -- George Washington -- Selected writings -- Chronology. 
536 |a A gift from Mrs. Melanie Domke honoring the birth of her baby Bradley Domke Born July 5, 2001. 
600 1 0 |a Washington, George,  |d 1732-1799  |v Encyclopedias. 
650 0 |a Presidents  |z United States  |v Biography  |v Encyclopedias. 
600 1 0 |a Washington, George,  |d 1732-1799. 
651 4 |a United States  |x History  |y 18th century. 
830 0 |a ABC-CLIO biographical companion. 
948 |a cataloged  |b h  |c 2002/10/21  |d c  |e eneff  |f 9:30:35 am 
994 |a E0  |b TXA 
999 |a MARS 
999 f f |s 988fe7c2-8803-3f6e-9664-444a75d1b0ec  |i 23507e77-ffe7-3544-bad6-89519b303675  |t 0 
952 f f |p ric  |a Texas A&M University  |b Rellis Campus  |c Joint Library Facility  |d Remote Storage  |t 0  |e E312 .G88 2002  |h Library of Congress classification  |i unmediated -- volume  |m A14828975551 
998 f f |a E312 .G88 2002  |t 0  |l Remote Storage